Normal view
MARC view
Entry Personal Name
001 - CONTROL NUMBER
- control field: 21980
003 - CONTROL NUMBER IDENTIFIER
- control field: ARRUPE
005 - DATE AND TIME OF LATEST TRANSACTION
- control field: 20160203144623.0
008 - FIXED-LENGTH DATA ELEMENTS
- fixed length control field: 160203|| aca||aabn | a|a d
040 ## - CATALOGING SOURCE
- Original cataloging agency: ARRUPE
- Transcribing agency: ARRUPE
100 ## - HEADING--PERSONAL NAME
- Personal name: Dunbar-Brunton, James
670 ## - SOURCE DATA FOUND
- Source citation: Work cat.: (ARRUPE): Dunbar-Brunton, James, Big game hunting in Central Africa, 1912